Across borders : Fifty years of India's foreign policy
This book is really interesting and gives a great insight into what really happened behind all the policies that the Indian government made over the last 50 years. The book at times does seem to have too much detail, which could turn off a few readers. But overall if you are interested in Indian pol...
Guardat en:
| Autor principal: | |
|---|---|
| Format: | Llibre |
| Idioma: | Undetermined |
| Publicat: |
New Delhi
Picus Books
1998
|
| Matèries: | |
| Etiquetes: |
Afegir etiqueta
Sense etiquetes, Sigues el primer a etiquetar aquest registre!
|
| Thư viện lưu trữ: | Trung tâm Học liệu Trường Đại học Cần Thơ |
|---|
| LEADER | 00925nam a2200229Ia 4500 | ||
|---|---|---|---|
| 001 | CTU_217690 | ||
| 008 | 210402s9999 xx 000 0 und d | ||
| 082 | |a 327.54 | ||
| 082 | |b D619 | ||
| 100 | |a Dixit, J. N. | ||
| 245 | 0 | |a Across borders : | |
| 245 | 0 | |b Fifty years of India's foreign policy | |
| 245 | 0 | |c J. N. Dixit | |
| 260 | |a New Delhi | ||
| 260 | |b Picus Books | ||
| 260 | |c 1998 | ||
| 520 | |a This book is really interesting and gives a great insight into what really happened behind all the policies that the Indian government made over the last 50 years. The book at times does seem to have too much detail, which could turn off a few readers. But overall if you are interested in Indian politics. | ||
| 650 | |a India,Ấn Độ | ||
| 650 | |x Foreign relations,Quan hệ ngoại giao | ||
| 650 | |y 1947-1984,1947-1984 | ||
| 904 | |i Qhieu | ||
| 980 | |a Trung tâm Học liệu Trường Đại học Cần Thơ | ||